000 00360 a2200157 4500
001 150529
040 _cEscola São Tomás de Aquino
100 _aCÂNDIDO, Suzana Laino
240 1 0 _aTravessuras de triângulo
_lpor
245 1 0 _aTravessuras de triângulo
300 _a32
362 0 _a1998
440 1 _aModerna
697 _aMATEMÁTICA
942 _cBK
999 _c150529
_d150529